[Event "Mumbai Aurionpro GM op"]
[Site "Mumbai"]
[Date "2025.06.20"]
[Round "5"]
[White "Yohan, Yadav Tarala"]
[Black "Deepan Chakkravarthy, J."]
[Result "1/2-1/2"]
[WhiteElo "2143"]
[BlackElo "2410"]
[PlyCount "80"]
[EventDate "2025.06.16"]
[EventType "swiss"]
[EventRounds "9"]
[EventCountry "IND"]
[SourceTitle "CB26_2025"]
[SourceDate "2025.06.25"]
[SourceVersion "1"]
[SourceVersionDate "2025.06.25"]
[SourceQuality "1"]

1. e4 c5 2. Nf3 e6 3. d4 cxd4 4. Nxd4 a6 5. Qd3 Nf6 6. Nc3 d6 7. Be2 Nbd7 8. f4 b5 9. Bf3 Bb7 10. e5 Nc5 11. Qd1 dxe5 12. fxe5 Nd5 13. Nxd5 Bxd5 14. 0-0 Rc8 15. Be3 Be7 16. Nf5 exf5 17. Bxd5 g6 18. g4 Bg5 19. Bxg5 Qxg5 20. Kh1 f4 21. Qf3 Ne6 22. Bxe6 fxe6 23. Qxf4 Qxf4 24. Rxf4 Rxc2 25. Raf1 Rxb2 26. Rc1 Rd2 27. Rc8+ Rd8 28. Rc6 Rf8 29. Rxe6+ Kd7 30. Rxf8 Rxf8 31. Rxa6 Rf4 32. h3 Ra4 33. Rb6 Rxa2 34. Rxb5 Ke6 35. Kg1 Re2 36. Rb7 h5 37. gxh5 gxh5 38. Rb6+ Kxe5 39. Rb5+ Kf4 40. Rxh5 Kg3 1/2-1/2

[Event "Bhubaneswar op 16th"]
[Site "Bhubaneswar"]
[Date "2025.05.13"]
[Round "6"]
[White "Swastik, Suvam Patnaik"]
[Black "Yohan, Yadav Tarala"]
[Result "1/2-1/2"]
[WhiteElo "1862"]
[BlackElo "2156"]
[PlyCount "72"]
[EventDate "2025.05.09"]
[EventType "swiss"]
[EventRounds "10"]
[EventCountry "IND"]
[SourceTitle "CB21_2025"]
[SourceDate "2025.05.21"]
[SourceVersion "1"]
[SourceVersionDate "2025.05.21"]
[SourceQuality "1"]

1. e4 e6 2. d4 d5 3. exd5 exd5 4. Bd3 Nc6 5. Nf3 Bd6 6. c3 Nge7 7. 0-0 0-0 8. Re1 Bf5 9. Bg5 f6 10. Bh4 Qd7 11. Bg3 Rae8 12. Qc2 Bxd3 13. Qxd3 Nf5 14. Nbd2 Bxg3 15. hxg3 Nd6 16. a3 Na5 17. b3 Qc6 18. Kf1 Ne4 19. c4 f5 20. Kg1 dxc4 21. bxc4 Nxd2 22. Nxd2 Rd8 23. Re5 Qf6 24. Rxa5 Rxd4 25. Qc3 Rxd2 26. Qxf6 Rxf6 27. Rxa7 Rb6 28. Ra5 f4 29. gxf4 Rbb2 30. Rb5 Rbc2 31. Rf1 b6 32. Rd5 Rxd5 33. cxd5 Rd2 34. Rc1 Rxd5 35. Rxc7 Ra5 36. Rb7 Rxa3 1/2-1/2

[Event "IND-ch U15 49th"]
[Site "Hosur"]
[Date "2024.11.09"]
[Round "9"]
[White "Yohan, Yadav Tarala"]
[Black "Vignesh Kannan, P."]
[Result "0-1"]
[WhiteElo "1956"]
[BlackElo "1889"]
[PlyCount "102"]
[EventDate "2024.11.03"]
[EventType "swiss"]
[EventRounds "11"]
[EventCountry "IND"]
[SourceTitle "CB45_2024"]
[Source "ChessBase"]
[SourceDate "2024.11.06"]
[SourceVersion "1"]
[SourceVersionDate "2024.11.06"]
[SourceQuality "1"]

1. e4 c6 2. Nc3 d5 3. Nf3 dxe4 4. Nxe4 Nf6 5. Qe2 Bf5 6. Nxf6+ gxf6 7. d3 e6 8. Nh4 Bd6 9. Nxf5 Qa5+ 10. Bd2 Qxf5 11. Qe4 Qd5 12. Qxd5 cxd5 13. d4 Rg8 14. g3 Ke7 15. Bd3 f5 16. 0-0-0 Nd7 17. Rde1 Kd8 18. Kb1 Nf6 19. b3 Kc7 20. c4 dxc4 21. bxc4 Rad8 22. Rc1 Kb8 23. Be3 Bc5 24. Bf4+ Bd6 25. Be3 Bc5 26. Bf4+ Kc8 27. Bxf5 Bxd4 28. Bc2 Bxf2 29. Rhf1 Bd4 30. Rcd1 h5 31. Kc1 Ng4 32. h3 Ne3 33. Bxe3 Bxe3+ 34. Kb1 f5 35. Rxd8+ Kxd8 36. Rf3 Bb6 37. Ba4 Ke7 38. Bd1 Bc7 39. Rb3 b6 40. Bxh5 Bxg3 41. Ra3 Bb8 42. Kc2 Rg2+ 43. Kd1 Kd6 44. Re3 Rxa2 45. Bf7 Ra1+ 46. Kc2 e5 47. Rf3 f4 48. Bd5 Kc5 49. Rb3 a6 50. Kb2 Re1 51. Ra3 e4 0-1

[Event "Wch U20 61st"]
[Site "Gandhinagar"]
[Date "2024.06.13"]
[Round "11"]
[White "Yohan, Yadav Tarala"]
[Black "Nainys, Zanas1"]
[Result "1-0"]
[WhiteElo "1810"]
[BlackElo "2153"]
[PlyCount "43"]
[EventDate "2024.06.02"]
[EventType "swiss"]
[EventRounds "11"]
[EventCountry "IND"]
[SourceTitle "CBM 220 Extra"]
[Source "ChessBase"]
[SourceDate "2024.07.31"]
[SourceVersion "1"]
[SourceVersionDate "2024.07.31"]
[SourceQuality "1"]

1. e4 c5 2. Nc3 Nc6 3. Bb5 Nd4 4. Nf3 e6 5. 0-0 a6 6. Bd3 Nc6 7. b3 Qc7 8. Bb2 Nf6 9. Re1 Bd6 10. Nd5 Nxd5 11. exd5 Nb4 12. Be4 Kf8 13. a3 Nxd5 14. Bxd5 exd5 15. Ng5 h5 16. Qf3 Bxh2+ 17. Kh1 d6 18. Kxh2 d4 19. Re6 Rh6 20. Rxh6 gxh6 21. Qf6 hxg5 22. Re1 1-0

[Event "Wch U20 61st"]
[Site "Gandhinagar"]
[Date "2024.06.12"]
[Round "10"]
[White "Talgatov, Nazar"]
[Black "Yohan, Yadav Tarala"]
[Result "1-0"]
[WhiteElo "2108"]
[BlackElo "1810"]
[PlyCount "51"]
[EventDate "2024.06.02"]
[EventType "swiss"]
[EventRounds "11"]
[EventCountry "IND"]
[SourceTitle "CBM 220 Extra"]
[Source "ChessBase"]
[SourceDate "2024.07.31"]
[SourceVersion "1"]
[SourceVersionDate "2024.07.31"]
[SourceQuality "1"]

1. e4 c5 2. Nf3 e6 3. g3 Nc6 4. d4 cxd4 5. Nxd4 Nf6 6. Bg2 Qc7 7. 0-0 Nxd4 8. Qxd4 Bc5 9. Qd3 0-0 10. c4 Ng4 11. Qe2 Ne5 12. b3 d5 13. Na3 dxc4 14. Nxc4 Nxc4 15. Qxc4 b5 16. Qxb5 a5 17. Bf4 Qa7 18. Rac1 Bb6 19. Rc6 Bd8 20. Qc5 Qd7 21. Rd6 Qe7 22. Rc1 Ba6 23. Qd4 Ra7 24. e5 Bb5 25. a4 Be8 26. Rxd8 1-0